000 00702cam a22002171 4500
001 ca 35000634
003 DLC
005 20260227111138.0
008 770211s1935 nyu 000 0 eng
010 _aca 35000634
035 _a(OCoLC)2734114
040 _aDLC
_cMiMarqN
_dOCoLC
_dDLC
042 _apremarc
050 0 0 _aPS3503.E376
_bL5 1935
082 _a812.5
100 1 _aBein, Albert,
_d1902-
245 1 0 _aLittle ol' boy;
_ba play in three acts,
_cby Albert Bein; foreword by Barrett H. Clark.
260 _aNew York city,
_aLos Angeles,
_bS. French, incorporated
_c[c1935]
300 _axii p., 1 l., 105 p.
_c19 cm.
500 _a"Copyright, 1929 ... under the title of 'Road out of hell'."
999 _c17852
_d17852